000 00424nam a2200181Ia 4500
001 19329
003 IN-NITTTR
005 20251114233223.0
008 251113s9999||||xx |||||||||||||| ||eng||
040 _beng
040 _cIN-NITTTR
041 _aeng
082 _a006.33 E71 R
100 _aBolc, L.
245 0 _aExpert system applications /
_cBolc, L., Coombs, M. J.
700 _a Coombs, M. J.
942 _2ddc
_cBK
999 _c21963
_d21963